000 00313nam a22001337a 4500
020 _aNA
082 _222
_a294.3
100 _aTsering Amitayus Lama.
245 _aDharmakaya Stupa
250 _aNA
260 _aThimphu,
_bDzongkha Development Commission,
_cc1999.
300 _a214,;
_bNA
_c24cm
942 _2ddc
_cBK
_01
999 _c562
_d562